Budget as an instrument of administrative efficiency (Record no. 475680)
[ view plain ]
| 000 -LEADER | |
|---|---|
| fixed length control field | 00432cam a22001337a 4500 |
| 008 - FIXED-LENGTH DATA ELEMENTS--GENERAL INFORMATION | |
| fixed length control field | 180718b1971 xxu||||| |||| 00| 0 eng d |
| 082 ## - DEWEY DECIMAL CLASSIFICATION NUMBER | |
| Classification number | L1 In2 |
| 100 ## - MAIN ENTRY--PERSONAL NAME | |
| Personal name | Heckscher, Gunnar |
| 245 ## - TITLE STATEMENT | |
| Title | Budget as an instrument of administrative efficiency |
| Statement of responsibility, etc. | By Gunnar Heckscher |
| 260 ## - PUBLICATION, DISTRIBUTION, ETC. | |
| Place of publication, distribution, etc. | Delhi |
| Name of publisher, distributor, etc. | Indian Institute of Public Administration |
| Date of publication, distribution, etc. | 1971 |
| 300 ## - PHYSICAL DESCRIPTION | |
| Extent | 52p. |
| 650 ## - SUBJECT ADDED ENTRY--TOPICAL TERM | |
| Topical term or geographic name entry element | Budgeting |
| 700 ## - ADDED ENTRY--PERSONAL NAME | |
| Personal name | Indian Institute of Public Administration |
| Withdrawn status | Lost status | Damaged status | Not for loan | Permanent Location | Current Location | Date acquired | Full call number | Barcode | Date last seen | Price effective from | Koha item type |
|---|---|---|---|---|---|---|---|---|---|---|---|
| Indian Institute of Public Administration | Indian Institute of Public Administration | 2018-08-04 | L1 In2 | GR8565 | 2018-08-04 | 2018-08-04 | GR | ||||
| Indian Institute of Public Administration | Indian Institute of Public Administration | 2018-08-04 | L1 In2 | GR8564 | 2018-08-04 | 2018-08-04 | GR | ||||
| Indian Institute of Public Administration | Indian Institute of Public Administration | 2018-08-04 | L1 In2 | GR8563 | 2018-08-04 | 2018-08-04 | GR | ||||
| Indian Institute of Public Administration | Indian Institute of Public Administration | 2018-08-04 | L1 In2 | GR8562 | 2018-08-04 | 2018-08-04 | GR | ||||
| Indian Institute of Public Administration | Indian Institute of Public Administration | 2018-08-04 | L1 In2 | GR8561 | 2018-08-04 | 2018-08-04 | GR |
